[Event "World-ch Carlsen-Karjakin +1-1=10"]
[Site "New York"]
[Date "2016.11.11"]
[Round "1"]
[White "Carlsen, Magnus"]
[Black "Karjakin, Sergey"]
[Result "1/2-1/2"]
[WhiteElo "2857"]
[BlackElo "2769"]
[Annotator "Ponomariov,Ruslan"]
[PlyCount "84"]
[EventDate "2016.11.11"]
[EventType "match"]
[EventRounds "12"]
[EventCountry "USA"]
[SourceTitle "CBM 176"]
[Source "ChessBase"]
[SourceDate "2017.01.17"]
[SourceVersion "1"]
[SourceVersionDate "2017.01.17"]
[SourceQuality "1"]

{The first game of the World Championship match in New York is over. Personally I hope to learn something from the match and to see how modern chess is developing.} 1. d4 Nf6 2. Bg5 {In an interview with Norwegian TV before the match I had predicted that both players will play 1.d4. In my opinion nowadays 1.d4 gives White more options to reach complicated positions and to create tension. But I didn't expect the Trompovsky though Carlsen had played it before. Maybe Carlsen wants to force the team of Karjakin to study each and every game he has ever played? At any rate, the next games will reveal his strategy for the match.} d5 {Black's most solid response.} ({If you want to complicate things you can go for} 2... g6) ({or} 2... e6 3. e4 h6 4. Bxf6 Qxf6 {which leads to asymmetrical positions. But in World Championship matches the players usually play solidly with Black while trying to press with White. Therefore 2.. . d5 is an understandable decision.}) 3. e3 c5 4. Bxf6 gxf6 5. dxc5 ({If White wants to keep more tension he can play} 5. Nc3 {leading to a Chigorin Defence with colours reversed. The text move gives Black more options to resolve the tension in the centre.}) 5... Nc6 {There is nothing wrong with this natural development move. It seems as if Karjakin - like everyone else - was a bit by surprised by his opponent's opening choice and decided to calm down and to spend some time to find out where danger might be lurking in his position.} ({I don't think that anything is wrong with} 5... e6 {either.} 6. Nf3 (6. b4 a5) 6... Nd7 ({Here I once played} 6... Bxc5 7. c4 dxc4 8. Nbd2 Bd7 9. Bxc4 Bc6 10. O-O Nd7 {and I think in this position Black has solved all of his problems.} 11. Qe2 Qe7 12. Rac1 O-O 13. Nb3 Bb6 14. Nfd4 Rac8 15. Qg4+ Kh8 16. Qh4 Ne5 17. Nxc6 Rxc6 18. Be2 Rfc8 19. Qe4 Kg7 20. g3 Rxc1 21. Rxc1 Rxc1+ 22. Nxc1 Qc7 23. Nb3 f5 24. Qb1 a5 25. Qd1 Qc6 26. Nd4 Qe4 27. Nb5 Bc5 28. Nc3 Qc6 29. Bb5 Qc7 30. Bf1 Be7 {1/2 (30) Andreikin,D-Ponomariov,R Moscow blitz 2015}) 7. c4 dxc4 8. c6 Nb6 9. Nbd2 c3 10. bxc3 bxc6 11. Qc2 Bg7 12. Bd3 f5 13. e4 {1-0 (72) Carlsen,M (2864)-Kramnik,V (2803) Moscow RUS 2013, and in this position Magnus somehow managed to complicate things and to outplay Vladimir Kramnik. But I think this was not due to the opening. Kramnik was in bad shape in that tournament, he played badly and finished last. It is interesting that Karjakin also took part in this tournament and with his good memory he probably remembered the Carlsen-Kramnik game.}) 6. Bb5 e6 7. c4 dxc4 8. Nd2 Bxc5 9. Ngf3 O-O ({RR} 9... c3 10. bxc3 O-O 11. O-O f5 12. Nd4 Bd7 13. Rb1 Rc8 14. Qh5 Qf6 15. Rfd1 Qg6 16. Qe2 Rfd8 17. N2f3 Qf6 18. e4 Bb6 19. exf5 Nxd4 20. cxd4 Qxf5 21. Bd3 Qf6 22. Qe4 h6 23. Qg4+ Qg7 24. Qh4 {Firouzja,A (2759)-So,W (2770) Paris 2021 0-1 (32)}) 10. O-O Na5 ({It's interesting to consider} 10... c3 {to change the pawn structure. Yes, Black's kingside is shattered as well, but Black has the two bishops which might give some chances to play for an advantage. Instead, Karjakin decided to play simpler and more solid chess. But after the game move White has less to worry about.}) 11. Rc1 $146 ({RR} 11. Nxc4 a6 12. Nxa5 axb5 13. Nb3 Bb6 14. Nfd4 Qd5 15. Qg4+ Kh8 16. Qh4 Kg7 17. Rfd1 Ra4 18. h3 h6 19. Rd2 Rc4 20. Rad1 Qg5 21. Qxg5+ hxg5 22. Nxb5 Rb4 23. Nd6 f5 24. Rc2 Bd7 25. Nxf5+ exf5 {Quesada Perez,Y (2598)-Triapishko,A (2506) Chess.com INT 2020 1-0 (44)}) ({RR} 11. Qc2 Bd7 12. Bxd7 Qxd7 13. Nxc4 Nxc4 14. Qxc4 Rac8 15. Qf4 Qe7 16. Rfd1 Rfd8 17. h4 Kh8 18. a3 Rg8 19. Rd2 Rgd8 20. Rad1 Rxd2 21. Rxd2 Rd8 22. Rxd8+ Qxd8 23. Ne5 Qd1+ 24. Kh2 Be7 25. Nc4 b5 {Kumala,A (2206)-Jarmula,L (2464) Katowice 2020 ½-½}) 11... Be7 ({Black also had the option to play} 11... a6 12. Bxc4 Nxc4 13. Rxc4 Be7 {and now White needs to play actively, otherwise Black will just finish his development and the two bishops will be very strong on the long diagonals.}) 12. Qc2 Bd7 13. Bxd7 Qxd7 14. Qc3 Qd5 {Solid again! But sometimes solid play and giving the initiative to your opponent backfires.} ({A more principled try was} 14... b6 15. Ne4 (15. Nxc4 Rac8) 15... e5 16. Rfd1 Qe6 17. Ng3 {Obviously, White has some compensation but Black still has a healthy extra pawn. One wonders what Carlsen would have done with Black in such a position.}) 15. Nxc4 {Unfortunately White does not have much choice and can hardly avoid mass exchanges. Therefore I think that 5.dxc5 was a really committal move.} Nxc4 16. Qxc4 {A slight inaccuracy by the World Champion.} ({There was the possible intermezzo} 16. Rfd1 Qb5 17. Qxc4 Qxc4 (17... Qxb2 18. Rb1) 18. Rxc4 {and the white rook is already on d1 instead of f1. However, after} Rfc8 {White probably has nothing better than} 19. Rdc1 Rxc4 20. Rxc4 {which leads to the same position we reached in the game. But sometimes such small nuances can be important.}) 16... Qxc4 17. Rxc4 Rfc8 18. Rfc1 Rxc4 19. Rxc4 Rd8 20. g3 ({Again I think it's more accurate to play the king to the centre first.} 20. Kf1 Rd7 21. Ke2 {is of course very similar to the game, but maybe White can eventually grab some space with g2-g4, taking two steps at once with g-pawn.}) 20... Rd7 21. Kf1 f5 22. Ke2 (22. Ne5 Rd5) 22... Bf6 23. b3 Kf8 {For the first time it may seem as if White has some advantage because Black's pieces are so passive. White's pieces are indeed slightly more active and Black's pawn structure on the kingside is a bit vulnerable. You can also try to find some analogy with the famous game Ribli-Karpov, Amsterdam 1980, which White managed to win. But it seems that these small advantages are simply not enough to win the game for White unless he gets a lot of help from Black.} 24. h3 h6 {This move is still a little bit of a mystery for me.} ({Why not} 24... Ke7 {? Probably Karjakin wanted to nip active play from White in the bud.}) 25. Ne1 Ke7 26. Nd3 Kd8 27. f4 ({In the event of} 27. g4 fxg4 28. hxg4 Rc7 29. Rxc7 Kxc7 30. Kf3 Kd6 31. Ke4 Bc3 {It's difficult to see how White can make progress.}) 27... h5 ({Now Black didn't like} 27... Rc7 28. Rxc7 Kxc7 {probably because of} 29. Kf3 Kd6 30. e4 fxe4+ 31. Kxe4 {and in this position he might hit on some ideas to pose Black problems.}) 28. a4 {White really has difficulties to make progress. But as always Carlsen tries till the end.} (28. Ne5 Bxe5 29. fxe5 Rd5 30. Rh4 Rxe5 31. Rxh5 Rc5 $132) 28... Rd5 29. Nc5 b6 30. Na6 Be7 (30... b5 $5) 31. Nb8 a5 32. Nc6+ Ke8 33. Ne5 (33. Nxe7 Kxe7 34. Rc7+ Rd7) 33... Bc5 34. Rc3 Ke7 35. Rd3 Rxd3 36. Kxd3 f6 37. Nc6+ Kd6 38. Nd4 Kd5 39. Nb5 Kc6 40. Nd4+ Kd6 41. Nb5+ Kd7 42. Nd4 Kd6 {So, to be honest, the first game of the match was not particularly exciting. I don't think we will see this variation again. Even for Magnus it is difficult to squeeze blood out of a stone. I expect that the Queen's Indian will be tested in the next games unless Karjakin has prepared something else. But before that we will see what Sergey will play with White.} 1/2-1/2

[Event "World-ch Carlsen-Karjakin +1-1=10"]
[Site "New York"]
[Date "2016.11.20"]
[Round "7"]
[White "Karjakin, Sergey"]
[Black "Carlsen, Magnus"]
[Result "1/2-1/2"]
[WhiteElo "2769"]
[BlackElo "2857"]
[Annotator "Hillarp Persson,Tiger"]
[PlyCount "66"]
[EventDate "2016.11.11"]
[EventType "match"]
[EventRounds "12"]
[EventCountry "USA"]
[SourceTitle "CBM 176"]
[Source "ChessBase"]
[SourceDate "2017.01.17"]
[SourceVersion "1"]
[SourceVersionDate "2017.01.17"]
[SourceQuality "1"]

1. d4 $5 {I had decided not to watch any of the news on the game, in order to avoid reproducing what others had thought. Still, I couldn't keep away during the first few moves and I felt a breeze of cautious optimism when I saw Karjakin's first move. Could it be that he had deviated from his usual 1.e4 in order to be more ambitious?} d5 $5 2. c4 c6 {Already the last move was a bit of a surprise, but this is doubly surprising. Normally, both Carlsen and Karjakin favour 1.d4 f6 2.c4 e6 as Black, but then they diverge. Carlsen usually meets 3.f3 with 3...d5, whereas Karjakin slightly prefers 3...b6 over 3...d5. Considering how close their main repertoires are after 1.d4, it is not that much of a surprise that Carlsen decides to spring a surprise.} 3. Nc3 Nf6 4. e3 a6 {This variation, named after the Moldovan master Chebanenko, was very unusual before the early nineties. Although it looks weird to move both the c- and the a-pawn to the sixth rank at such an early stage, it stands on a solid strategical basis. We see a similar strategy in the Najdorf, the Modern Benoni and the Modern, where Black plays a6 in order to disturb a knight on c3. However, it is interesting to notice that this is one of the few instances where a6 is a decent option even if the knight is not on c3. Suppose White has played f3 instead of c3, then Black can still play a6. The point is that White's knight really needs to go to c3, sooner or later, if White is to claim any sort of advantage. In such a case one might say that a6 disturbs White's natural development.} (4... e6 {leads to the Semi Slav, which has been seen in numerous earlier WCh matches. Carlsen's choice of line is more solid and also leads to lines that are slightly less analysed.}) 5. Bd3 {No! I couldn't believe my eyes when I saw this. Now Black is able to enter a line from the Queen's Gambit Accepted (QGA), that I thought was completely toothless. Still, after checking the facts I have come to the conclusion that my instincts are, at least, dated. Since the main lines have become so heavily analysed, the players try some of the old things anew and as will soon become obvious, Karjakin is far from alone in seeking something new in the these lines.} ({The main lines start with} 5. Nf3 b5 {and then White has a choice between the very ambitious} 6. c5 {and the less ambitious 6.b3. It says a lot about Karjakin's attitude that he chooses neither of these. He is either a) happy to draw his way to the tie-breaks, or he b) expects Carlsen to become over-ambitious, or c) has great belief in his technical abilities, or d) this line is far more dangerous for Black than I thought (and still think).}) 5... dxc4 $1 6. Bxc4 e6 7. Nf3 c5 {So, we arrive at a line from the QGA, via a roundabout move order. This position used to be the main line, but then players started to realise that the knight lacked flexibility on c3. Since then White's main ideas in these positions all have one thing in common; avoiding putting the knight on c3. After 1.d4 d5 2.c4 dxc4 3.f3 f6 4.e3 e6 5.xc4 c5 5.0-0 a6, both 6.b3, 6.e2 and 6.dxc5 are more common than 6.c3. Then again, "common" is not always a sign of quality.} 8. O-O ({Here White has the option of playing} 8. a4 {, which is fairly dull, especially for Black. After} Nc6 9. O-O Be7 10. Qe2 cxd4 11. Rd1 e5 12. exd4 exd4 13. Nxd4 Nxd4 14. Qe5 Qd6 {White is marginally better, although the results tend towards draws, aplenty.}) 8... b5 9. Be2 {And here, when I put my hands to my face in similar fashion to Munch's famous "peanut-face", I'm clearly out of line. This line turns out to be as haute couture as anything chess related can be. It has been played by Aronian, Wang Yue, Vitiugov and others. White is doing well. My prejudices need to be updated.} (9. Bb3 Bb7 10. Qe2 ({I was hoping for} 10. e4 $5) 10... Nbd7 11. Rd1 Qb8 {has a solid reputation for Black and is the reason why White started experimenting with not putting the knight on c3.}) 9... Bb7 (9... Nbd7 10. d5 exd5 11. Nxd5 Bb7 12. Nxf6+ Qxf6 13. a4 b4 {seems to be about balanced, but White can set Black some problems with} 14. e4 {Aronian,L (2795)-Ponomariov,R (2710) SportAccord Blitz 2014, continued:} Be7 15. Bc4 Rd8 $6 16. Qe2 Qg6 17. Bf4 O-O 18. Bc7 (18. Rfe1 $5) 18... Rc8 19. Bg3 a5 20. Rfe1 {with some initiative for White.}) 10. dxc5 $1 {Other moves make no sense. Black would prefer to take back on c5 with a knight, but here 10...bd7 can be met with 11.b4!} Nc6 $5 {Not exactly a novelty, but played at a 2700+ level for the first time.} (10... Bxc5 11. Qxd8+ Kxd8 12. Nd2 {has been scoring well for White among engines.}) ({Karjakin had to suffer this position himself once as Black. That game went:} 10... Qxd1 11. Rxd1 Bxc5 12. Nd2 $1 {If we compare this position to the "early" dxc5-lines in the QGA, Black has already committed to b7-b5, which leaves the dark squares somewhat weaker and also gives White something to chew on with the a-pawn.} Nbd7 (12... Nc6 13. Nce4 Nxe4 14. Nxe4 Be7 {would be similar to the game if the queens were still on. But since they aren't White can play} 15. Nd6+ Bxd6 16. Rxd6 Ke7 17. Rd1 $14) 13. Nb3 Bb6 (13... Bb4) 14. a4 b4 15. a5 $1 Bd8 16. Na4 Be7 17. f3 g5 18. e4 g4 19. Be3 {Fressinet,L (2700)-Karjakin,S (2775) Beijing (blitz) 2012, when White had a big advantage and eventually won.}) 11. Nd2 $146 {As seen on the last move, this is the standard reaction when the queens disappear from the board. However, here it doesn't work as well.} ({Although I haven't seen what anyone else says about the game, I have allowed myself the luxury of turning the engine on now and then. I know I shouldn't, but the hour is late in Sweden and what would happen if I got it all wrong? The prospect it frightful. So, the most critical line seems to be} 11. Qxd8+ Rxd8 12. b4 $5 {It's very likely that Karjakin tried to calculate the consequences of this move over the board while sensing that it was surely part of his opponent's preparation. Not finding a clear road to an advantage he then proceeded to play a "normal" move. I'm just guessing though.} Nxb4 13. a4 $1 {One immediately spots that the queenside pawns will disappear and then the question is: how much activity does White have?} Bxc5 ({With some silicon-based help, it is possible to find that} 13... Nc2 14. Ra2 Nb4 15. Rd2 (15. Ra3 Bxc5 16. axb5 Nd3 $1 17. Rb3 O-O $132) 15... Bxc5 16. Rxd8+ Kxd8 17. axb5 axb5 18. Nxb5 Ke7 19. Ba3 Ra8 20. Rc1 Nd7 {is a long line that just holds, although one sure wouldn't like to calculate and play it over the board.}) 14. axb5 axb5 15. Bxb5+ Bc6 (15... Ke7 16. Na4 Bd6 17. Nb6 {and White develops some quite nasty pressure.}) 16. Ba3 Bxb5 17. Nxb5 O-O 18. Rfc1 Be7 {and Black should be within drawing distance since} 19. Rc7 {can be met with} Rd7 $11) (11. Qc2) ({RR} 11. a3 Bxc5 12. b4 Bd6 13. Bb2 O-O 14. Rc1 Rc8 15. Qb3 Qc7 16. h3 Qe7 17. Nd2 Bb8 18. Bf3 Qc7 19. Rfd1 Qh2+ 20. Kf1 Rfd8 21. Ne2 Nd5 22. Ne4 Ne5 23. Bxe5 Rxc1 24. Rxc1 Qxe5 25. Nc5 Bc8 {Colle,E-Tartakower,S Paris 1925 ½-½ (76)}) ({RR} 11. Qc2 Nb4 12. Qb3 Bxc5 13. Rd1 Qb8 14. a4 bxa4 15. Qxa4+ Bc6 16. Qa5 Be7 17. Ra3 Nc2 18. Ne5 Bb4 19. Rb3 O-O 20. Nxc6 Bxa5 21. Rxb8 Raxb8 22. Nxa5 Nb4 23. f3 Rfd8 24. e4 Rxd1+ 25. Nxd1 Nd7 {Wei,Y (2743)-Navara,D (2740) Yancheng 2018 1-0 (46)}) ({RR} 11. Qxd8+ Rxd8 12. Bd2 Bxc5 13. Rfc1 Bd6 14. Be1 Ke7 15. Nd2 Ne5 16. Nb3 Rb8 17. Na5 Ba8 18. a4 bxa4 19. Nxa4 h5 20. Bxa6 h4 21. h3 g5 22. f3 Nd5 23. Bd2 Bb4 24. Bxb4+ Rxb4 25. Kf2 f5 {Yilmaz,M (2665)-Dardha,D (2602) Wijk aan Zee NED 2024 0-1 (37)}) ({RR} 11. a3 Bxc5 12. b4 Bd6 13. Bb2 O-O 14. Qb3 Qe7 15. Rfd1 Rfd8 16. Rac1 e5 17. Nb1 Rac8 18. Nbd2 Nb8 19. Rxc8 Rxc8 20. Rc1 Rxc1+ 21. Bxc1 e4 22. Nd4 Qc7 23. Qc2 Bxh2+ 24. Kf1 Qxc2 25. Nxc2 Be5 {Tomilin,A (2343)-Ponomariov,V (2353) Vitebsk 2006 0-1 (36)}) 11... Bxc5 {It's not only the Giuoco Piano that can lead to an asymmetrical pawn structure. ;)} 12. Nde4 ({Here the idea from Fressinet-Karjakin (above) doesn't work:} 12. Nb3 Bd6 $1 {and White is stuck with a passive bishop, a cramped position and with no way to use the c5-square.} 13. e4 $2 b4 $1) 12... Nxe4 13. Nxe4 Be7 {Something has gone wrong for White and Black's position is very comfortable. The pressure to equalise is already on White.} 14. b3 Nb4 $1 15. Bf3 $1 O-O ({Perhaps Carlsen was too happy with the draw, because here he wastes a chance to put more pressure on Karjakin:} 15... f5 $1 {The point is to get the bishop to the f6-a1-diagonal, when protecting a2 becomes very hard.} 16. Nd2 (16. Nd6+ Qxd6 17. Bxb7 Qxd1 18. Rxd1 Ra7 19. Bf3 Bf6 20. Rb1 Nxa2) 16... Bxf3 17. Nxf3 Qxd1 18. Rxd1 Bf6 19. Nd4 {Not a happy move for White to play, but there is nothing else.} Kf7 {and Black has some pressure.}) 16. Ba3 $1 {Karjakin pulls the brake just in time. With more exchanges Black has nothing more than a little extra space, which is a very nominal advantage indeed.} Rc8 $6 (16... Rb8 {or any other move that protects the bishop, would give Carlsen the kind of position where he could have played on for some while. Instead he ends up at a slight disadvantage.}) 17. Nf6+ Bxf6 18. Bxb7 Bxa1 19. Bxb4 Bf6 20. Bxf8 Qxd1 21. Rxd1 Rxf8 22. Bxa6 {Karjakin has won a pawn but needs one more move to make it count (a2-a4).} b4 $1 {This pawn is easily protected and keeps White's pawn majority in check. White's advantage is that there is one tactical trick which Black can fall for, but that's it.} 23. Rc1 g6 24. Rc2 Ra8 ({The tactical blunder I was referring to is} 24... Bc3 $6 25. Bc4 Kg7 $2 26. a4 $1 {, when White's winning chances become very real.}) 25. Bd3 Rd8 26. Be2 Kf8 27. Kf1 Ra8 28. Bc4 Rc8 29. Ke2 Ke7 30. f4 h6 31. Kf3 Rc7 32. g4 g5 33. Ke4 Rc8 {White cannot make progress, so the draw was agreed.} 1/2-1/2